| 000 | 00358nam a2200145Ia 4500 | ||
|---|---|---|---|
| 008 | 230917s9999||||xx |||||||||||||| ||und|| | ||
| 020 | _cRS180 | ||
| 040 |
_e13391 _aMAIN |
||
| 041 | _aEnglish | ||
| 082 | _a301.35 S16R | ||
| 100 | _aSubramanian, R | ||
| 245 | 0 | _aRural development : An inside look at problems and prospects | |
| 260 | _c1988 | ||
| 942 | _cBK | ||
| 999 |
_c61346 _d61346 |
||